Management Information Systems

Guardado en:
Detalles Bibliográficos
Otros Autores: MacRae, T.W
Formato: Libro
Lenguaje:inglés
Publicado: Harmondsworth Penguin Books 1971
Edición:1. ed.
Etiquetas: Agregar Etiqueta
Sin Etiquetas, Sea el primero en etiquetar este registro!

MARC

LEADER 00000nam a2200000 4500
001 c026893
005 20221220102139.4
041 0 |a eng 
044 |a US 
245 1 0 |a Management Information Systems  |c Edit. T.W. MacRae 
250 |a 1. ed. 
264 1 |a Harmondsworth  |b Penguin Books  |c 1971 
300 |a 381 s. 
700 1 |a MacRae, T.W.